| 000 | 00501nam a2200205Ia 4500 | ||
|---|---|---|---|
| 008 | 170918s9999 xx 000 0 und d | ||
| 020 | _a9780545271615 | ||
| 050 | _bB828 2009 | ||
| 100 | _aBreathed, Berkeley | ||
| 245 | _aFlawed dogs : | ||
| 245 | _bthe shoking raid on Westminster / | ||
| 245 | _cBerkeley Breathed. | ||
| 260 | _aNew York : | ||
| 260 | _bScholastic, | ||
| 260 | _c2009 | ||
| 300 | _a216 pages : | ||
| 300 | _bcolored illustration ; | ||
| 300 | _c19cm. | ||
| 500 | _a920 | ||
| 999 |
_c342178 _d342178 |
||